000 00706nam a2200193 i 4500
001 55951
003 ES-MaACL
005 20250830095353.0
007 t|
008 030930s1915 sp ||||1| spa d
100 1 _aDíaz Fernández, Valero.
_944278
245 1 3 _aLa crisis del Estado y su necesaria transformación
_b: conferencia rechazada por la Junta Directiva del Ateneo de Madrid, y que se leerá en la sesión inaugural del Ateneo popular /
_cValero Díaz Fernández.
260 _aMadrid :
_bCleto Vallinas,
_c1915.
300 _a65 p. ;
_c19 cm.
650 0 7 _aEstado
_2embne
_912523
710 2 _aAteneo de Madrid.
_91875
852 _aES-MaACL
_jT-1444-F-3
999 _c55951
_d55951